| 000 | 05204nam0a2200469 4500 | ||
|---|---|---|---|
| 001 | RU\NLR\BIBL_A\012856666 | ||
| 005 | 20221012104618.0 | ||
| 010 |
_a978-5-4473-0308-2 _9500 |
||
| 021 |
_aRU _bКН-П-22-032751 _9КН-П-22-2789 |
||
| 035 | _a(NLR Aleph) 012856666 | ||
| 035 | _a(RuMoRGB)011079023 | ||
| 090 |
_a12444696 _c12444696 |
||
| 100 | _a20220729d2021 k y0rusy50 ca | ||
| 101 | 0 |
_arus _deng |
|
| 102 | _aRU | ||
| 105 | _aac z 100zd | ||
| 181 | 0 |
_ai _baxxe |
|
| 182 | 0 | _an | |
| 200 | 1 |
_aНесторовские чтения: "Миссия молодежи в сохранении традиционных культурных ценностей в современном мире" _eматериалы VI международной научно-образовательной онлайн-конференции, посвященной Дню памяти святого преподобного Нестора Летописца (24 ноября 2020 года, г. Луганск) _eраздел 1 _aСлово и цифра: время противостояния _eматериалы международной научно-практической онлайн-конференции (23-24 декабря 2020 года, г. Воронеж, г. Архангельск) _eраздел 2 _fМежрегиональная просветительская общественная организация "Объединение православных ученых", Духовно-просветительский центр имени святого преподобного Нестора Летописца _gредакционная коллегия: главный редактор - протоиерей, доктор теологии Геннадий Заридзе |
|
| 203 |
_aТекст _bвизуальный _cнепосредственный |
||
| 210 |
_aВоронеж _aЛуганск _cИстоки _d2021 |
||
| 215 |
_a599 с. _cил., портр. _d21 |
||
| 300 | _aЗагл. в макете: Материалы VI международной научно-образовательной онлайн-конференции "Миссия молодежи в сохранении традиционных культурных ценностей в современном мире", Международной научно-практической онлайн-конференции "Слово и цифра: время противостояния", ноябрь-декабрь 2020 г. | ||
| 300 | _aРез. англ. | ||
| 320 | _aБиблиогр. в конце ст. | ||
| 330 | _aИздание представляет собой продукт совместной научной деятельности Межрегиональной просветительской общественной организации "Объединение православных ученых"и Духовно-просветительского центра имени святого преподобного Нестора Летописца. Книга предназначена для студентов, преподавателей и учителей, научных работников, а также специалистов по вопросам духовно-нравственной культуры и воспитания | ||
| 517 | 1 | _aМатериалы VI международной научно-образовательной онлайн-конференции "Миссия молодежи в сохранении традиционных культурных ценностей в современном мире", Международной научно-практической онлайн-конференции "Слово и цифра: время противостояния", ноябрь-декабрь 2020 г. | |
| 517 | 1 | _aМиссия молодежи в сохранении традиционных культурных ценностей в современном мире | |
| 606 | 1 |
_aГуманитарные науки _jСъезды, совещания и т.п _92175177 _3RU\NLR\AUTH\661308230 |
|
| 606 | 1 |
_aДуховно-нравственное воспитание _jСъезды, совещания и т.п _92480714 _3RU\NLR\AUTH\661472659 |
|
| 686 | 1 | _aС.я431 | |
| 686 | 1 | _aЧ21я43 | |
| 686 | 1 | _aЧ313.52я431 | |
| 702 | 0 |
_4280 _7ca _8rus _aНестор Летописец _f1056-ок.1114 _94998 _3RU\NLR\AUTH\7721937 |
|
| 702 | 1 |
_aЗаридзе _bГ. _f1959- _gГеннадий _4340 |
|
| 710 | 1 | 2 |
_aНесторовские чтения _d6 _eЛуганск _f2020 _9805402 _3RU\NLR\AUTH\880569519 |
| 711 | 1 | 2 |
_a"Слово и цифра: время противостояния", международная научно-практическая online-конференция _eВоронеж/Архангельск _f2020 _9805406 _3RU\NLR\AUTH\880569521 |
| 942 | _cBOOK | ||
| 980 | _aNB | ||